[Event "1. f3 fiasco"]
[Site "SchemingMind.com"]
[Date "2006.04.10"]
[Round "-"]
[White "clockwork"]
[Black "MatdeInverses"]
[Result "0-1"]
[WhiteCountry "CAN"]
[BlackCountry "USA"]
[WhiteElo "1411"]
[WhiteRD "69"]
[BlackElo "1898"]
[BlackRD "52"]
[GameID "45971"]

1. f3 e5 2. d4 exd4 3. Qxd4 Nc6 4. Qe4+ Be7 5. Nc3 Nf6 6. Qa4 O-O 7. e4 d5 8. Bb5 dxe4 9. Nxe4 Nxe4 10. Qxe4 Bb4+
11. c3 Re8 12. Bg5 Rxe4+ 13. fxe4 Qxg5 14. Bxc6 bxc6 15. g3 Qe3+ 16. Ne2 Bg4 17. Kf1 Qxe2+ 18. Kg1 Bc5#
0-1

[Event "1. f3 fiasco"]
[Site "SchemingMind.com"]
[Date "2006.04.09"]
[Round "-"]
[White "Erhaem"]
[Black "clockwork"]
[Result "1-0"]
[WhiteCountry "NED"]
[BlackCountry "CAN"]
[WhiteElo "2018"]
[WhiteRD "52"]
[BlackElo "1411"]
[BlackRD "69"]
[GameID "45972"]

1. f3 f6 2. d4 d5 3. e3 Nc6 4. Bd3 e5 5. Ne2 Nh6 6. O-O Bf5 7. Bxf5 Nxf5 8. Nbc3 Bb4 9. dxe5 fxe5 10. Nxd5 O-O
11. c3 Bc5 12. b4 Be7 13. Qd3 Bg5 14. e4 Nh4 15. f4 exf4 16. Bxf4 Bxf4 17. Nexf4 Qg5 18. Qh3 Ne5 19. Ne6 Rxf1+ 20. Rxf1 c6
21. Nxg5 cxd5 22. Qe6+ Kh8 23. Qxe5 h6 24. Rf7 Ng6 25. Qxg7#
1-0

[Event "1. f3 fiasco"]
[Site "SchemingMind.com"]
[Date "2006.04.09"]
[Round "-"]
[White "fer_even"]
[Black "clockwork"]
[Result "1-0"]
[WhiteCountry "ARG"]
[BlackCountry "CAN"]
[WhiteElo "2188"]
[WhiteRD "72"]
[BlackElo "1411"]
[BlackRD "69"]
[GameID "45973"]

1. f3 f6 2. d4 d5 3. e4 e5 4. dxe5 fxe5 5. Qxd5 Nc6 6. Qxd8+ Nxd8 7. Be3 Bb4+ 8. Nd2 Nf6 9. O-O-O Be6 10. a3 Ba5
11. Nc4 Bxc4 12. Bxc4 Nc6 13. Ne2 Nd7 14. Be6 Nc5 15. Bxc5 Bb6 16. Bxb6 cxb6 17. Rd7 Ne7 18. Rxb7 Nc6 19. Bd7+ Ke7 20. Bxc6+ Kd6
21. Ba4 Rhc8 22. Rd1+ Ke6 23. Rbd7 a6 24. R1d6#
1-0

[Event "1. f3 fiasco"]
[Site "SchemingMind.com"]
[Date "2006.04.09"]
[Round "-"]
[White "markjburden"]
[Black "clockwork"]
[Result "0-1"]
[WhiteCountry "GBR"]
[BlackCountry "CAN"]
[WhiteElo "1656"]
[WhiteRD "73"]
[BlackElo "1411"]
[BlackRD "69"]
[GameID "45974"]

1. f3 f6 2. Kf2 d5 3. e3 Nh6 4. Nc3 e5 5. Nge2 Nc6 6. d4 Bf5 7. Ng3 Bb4 8. Nce2 e4 9. c3 Bd6 10. Bd2 g5
11. Nxf5 Nxf5 12. Qb3 Na5 13. Qb5+ Nc6 14. Qxd5 Bg3+
0-1

[Event "1. f3 fiasco"]
[Site "SchemingMind.com"]
[Date "2006.04.09"]
[Round "-"]
[White "judgmentality"]
[Black "clockwork"]
[Result "0-1"]
[WhiteCountry "USA"]
[BlackCountry "CAN"]
[WhiteElo "1264"]
[WhiteRD "60"]
[BlackElo "1429"]
[BlackRD "78"]
[GameID "45975"]

1. f3 f6 2. e4 e5 3. Bc4 Ne7 4. f4 exf4 5. d4 d5 6. exd5 Nxd5 7. Nf3 Nc6 8. Nh4 Nce7 9. O-O f5 10. Bxd5 Qxd5
11. Bxf4 c6 12. Nc3 Qe6 13. Qd2 Qc4 14. Rae1 Be6 15. b3 Qa6 16. Rxe6 O-O-O 17. Rfe1 Qb6 18. Rxe7 Bxe7 19. Rxe7 Rxd4 20. Qf2 Rhd8
21. Rc7+ Qxc7 22. Bxc7 Kxc7 23. Qg3+ Kc8 24. Nxf5 Rd2 25. Ne4 Rxc2
0-1

[Event "1. f3 fiasco"]
[Site "SchemingMind.com"]
[Date "2006.04.09"]
[Round "-"]
[White "AlbertoAveiro"]
[Black "clockwork"]
[Result "1-0"]
[WhiteCountry "POR"]
[BlackCountry "CAN"]
[WhiteElo "1677"]
[WhiteRD "115"]
[BlackElo "1413"]
[BlackRD "78"]
[GameID "45976"]

1. f3 f6 2. d4 d5 3. Nc3 Nc6 4. e3 Bf5 5. Bd3 Bxd3 6. Qxd3 Nb4 7. Qe2 Qd7 8. Nh3 Nh6 9. O-O e5 10. dxe5 O-O-O
11. exf6 gxf6 12. Rd1 Nf5 13. e4 Nh4 14. Nxd5 Bc5+ 15. Kh1 Qe8 16. Nxf6 Qg6 17. Ng4 Qg7 18. Bg5 Ng6 19. Bxd8 Rxd8 20. c3 Nc6
21. Rxd8+ Nxd8 22. Rd1 Bd6 23. Qc4 Nc6 24. a3 Kb8 25. Qe6 Be7 26. Ne3 Nge5 27. Nf5 a6 28. Nxg7 Bd6 29. Ne8 Nd8 30. Qf5 Ndf7
31. Nxd6 cxd6 32. Qxh7 Kc7 33. f4 Kc6 34. fxe5 Nxe5 35. Nf4 Ng4 36. Rd2 Ne3 37. b3 Nf1 38. Rd4 Kc5 39. Qh5+ Kc6 40. Qd5+ Kc7
41. Qxd6+ Kc8 42. Qd8#
1-0

[Event "1. f3 fiasco"]
[Site "SchemingMind.com"]
[Date "2006.04.09"]
[Round "-"]
[White "MatdeInverses"]
[Black "clockwork"]
[Result "1-0"]
[WhiteCountry "USA"]
[BlackCountry "CAN"]
[WhiteElo "1898"]
[WhiteRD "52"]
[BlackElo "1411"]
[BlackRD "69"]
[GameID "45977"]

1. f3 f6 2. d4 d5 3. e4 e5 4. dxe5 fxe5 5. exd5 Nf6 6. c4 Bb4+ 7. Nd2 Qd6 8. a3 Ba5 9. b4 Bb6 10. c5 Bxc5
11. bxc5 Qxd5 12. Ne4 Qxd1+ 13. Kxd1 Nd5 14. Bb5+ Bd7 15. Bxd7+ Kxd7 16. Ne2 Nc6 17. Kc2 Rae8 18. Rd1 Ne7 19. f4 exf4 20. Nxf4 c6
21. Nd6 Rb8 22. Rb1 b6 23. Nf7 Rhf8 24. Ne5+ Kc7 25. Ne6+ Kb7 26. Nxf8 Rxf8 27. cxb6 axb6 28. Nf3 Nf5 29. Re1 Nd6 30. Bb2 Nc4
31. Kd3 b5 32. Bc1 Nf4+ 33. Bxf4 Rxf4 34. a4 Kb6 35. axb5 cxb5 36. Re4 Rf6 37. Rxc4 Rd6+ 38. Rd4 Rc6 39. Rd5 Kc7 40. Rdxb5 Rd6+
41. Kc4 Rc6+ 42. Rc5 h6 43. Rxc6+ Kxc6 44. Nd4+ Kd6 45. Nf5+ Ke6 46. Nxg7+ Kf6 47. Nh5+ Kg5 48. Rb5+ Kg4 49. Ng3 Kf4 50. Rh5
1-0

[Event "1. f3 fiasco"]
[Site "SchemingMind.com"]
[Date "2006.04.11"]
[Round "-"]
[White "PackoJones1000"]
[Black "Erhaem"]
[Result "1/2-1/2"]
[WhiteCountry "ESP"]
[BlackCountry "NED"]
[WhiteElo "2142"]
[WhiteRD "68"]
[BlackElo "2008"]
[BlackRD "55"]
[GameID "46031"]

1. f3 e5 2. e4 Bc5 3. f4 d6 4. Nf3 Nf6 5. Nc3 O-O 6. fxe5 dxe5 7. Bc4 Ng4 8. Rf1 Nxh2 9. Rh1 Ng4 10. Qe2 Bf2+
11. Kf1 Nc6 12. d3 Nd4 13. Nxd4 Bxd4 14. g3 c6 15. Kg2 b5 16. Bb3 a5 17. a4 b4 18. Nd1 Qd6 19. Ne3 Qg6 20. Rb1 Ra6
21. Rh4 h5 22. Rh1 Nxe3+ 23. Bxe3 Bg4 24. Qd2 c5 25. c3 Bxe3 26. Qxe3 Rc8 27. Bd5 Rc7 28. Rbf1 Rd6 29. Rf2 Rd8 30. Rhf1 Rdd7
31. Rh1 Rd8 32. Rhf1 Rf8 33. Kh2 bxc3 34. bxc3 Bc8 35. c4 Qg4 36. Rh1 Qg6 37. Rhf1 Bg4 38. Rb1 Bd7=
1/2-1/2

[Event "1. f3 fiasco"]
[Site "SchemingMind.com"]
[Date "2006.04.10"]
[Round "-"]
[White "PackoJones1000"]
[Black "fer_even"]
[Result "1-0"]
[WhiteCountry "ESP"]
[BlackCountry "ARG"]
[WhiteElo "2142"]
[WhiteRD "68"]
[BlackElo "2192"]
[BlackRD "72"]
[GameID "46032"]

1. f3 e5 2. e4 Bc5 3. f4 d6 4. Nf3 Nc6 5. Bb5 Bd7 6. Nc3 Nf6 7. d3 Ng4 8. Qe2 exf4 9. Bxf4 O-O 10. Bxc6 Bxc6
11. h3 Ne5 12. O-O-O Nxf3 13. gxf3 Qf6 14. Be3 Bb4 15. Nb1 Rfe8 16. c3 Bc5 17. d4 Bb6 18. Rdg1 Qe6 19. Qg2 g6 20. h4 Qxa2
21. h5 Qe6 22. hxg6 fxg6 23. Rxh7 Kxh7 24. Qh2+ Kg8 25. Qh6 Re7 26. Rxg6+ Qxg6 27. Qxg6+ Rg7 28. Qe6+ Kh7 29. Nd2 Rf8 30. f4 Bd7
31. Qd5 Bc6 32. Qh5+ Kg8 33. f5
1-0

[Event "1. f3 fiasco"]
[Site "SchemingMind.com"]
[Date "2006.04.10"]
[Round "-"]
[White "PackoJones1000"]
[Black "markjburden"]
[Result "1-0"]
[WhiteCountry "ESP"]
[BlackCountry "GBR"]
[WhiteElo "2139"]
[WhiteRD "71"]
[BlackElo "1656"]
[BlackRD "73"]
[GameID "46033"]

1. f3 d5 2. f4 Nc6 3. Nf3 Bg4 4. d4 g6 5. e3 Bg7 6. c4 e6 7. Nc3 Nge7 8. Be2 Nf5 9. cxd5 exd5 10. Qb3 Qd7
11. O-O O-O-O 12. Na4 h5 13. Nc5
1-0

[Event "1. f3 fiasco"]
[Site "SchemingMind.com"]
[Date "2006.04.10"]
[Round "-"]
[White "PackoJones1000"]
[Black "clockwork"]
[Result "1-0"]
[WhiteCountry "ESP"]
[BlackCountry "CAN"]
[WhiteElo "2139"]
[WhiteRD "71"]
[BlackElo "1411"]
[BlackRD "69"]
[GameID "46034"]

1. f3 f6 2. e4 e5 3. Nc3 Nc6 4. f4 exf4 5. d4 d6 6. Bxf4 Nge7 7. Bc4 Ng6 8. Be3 Nh4 9. Qh5+ Ng6 10. Nge2 Be7
11. Nf4 Nb4 12. Nxg6 Nxc2+ 13. Kd2 Nxa1 14. Ne5+ Kf8 15. Qf7#
1-0

[Event "1. f3 fiasco"]
[Site "SchemingMind.com"]
[Date "2006.04.18"]
[Round "-"]
[White "PackoJones1000"]
[Black "judgmentality"]
[Result "1-0"]
[WhiteCountry "ESP"]
[BlackCountry "USA"]
[WhiteElo "2159"]
[WhiteRD "64"]
[BlackElo "1264"]
[BlackRD "60"]
[GameID "46035"]

1. f3 f5 2. d4 Nf6 3. e4 fxe4 4. fxe4 e5 5. Nf3 exd4 6. e5 Ne4 7. Qxd4 d5 8. exd6 Nxd6 9. Bg5 Be7 10. Qxg7 Rf8
11. Bxe7 Qxe7+ 12. Qxe7+ Kxe7 13. Bd3 Bf5 14. Bxf5 Rxf5 15. Nc3 Nc6 16. O-O-O
1-0

[Event "1. f3 fiasco"]
[Site "SchemingMind.com"]
[Date "2006.04.10"]
[Round "-"]
[White "PackoJones1000"]
[Black "AlbertoAveiro"]
[Result "1-0"]
[WhiteCountry "ESP"]
[BlackCountry "POR"]
[WhiteElo "2142"]
[WhiteRD "68"]
[BlackElo "1499"]
[BlackRD "143"]
[GameID "46036"]

1. f3 e5 2. e4 Nf6 3. f4 Nc6 4. Nc3 d6 5. Nf3 Be7 6. Be2 O-O 7. O-O a6 8. d4 exd4 9. Nxd4 Nxd4 10. Qxd4 c5
11. Qd1 b5 12. e5 dxe5 13. fxe5 Nd7 14. Bf3 Rb8 15. Bf4 Rb6 16. Nd5 Rg6 17. Be4 Re6 18. Bf5 Rc6 19. Qf3 Bb7 20. Rad1 Qe8
21. Nxe7+ Qxe7 22. Rxd7
1-0

[Event "1. f3 fiasco"]
[Site "SchemingMind.com"]
[Date "2006.04.10"]
[Round "-"]
[White "PackoJones1000"]
[Black "MatdeInverses"]
[Result "1-0"]
[WhiteCountry "ESP"]
[BlackCountry "USA"]
[WhiteElo "2139"]
[WhiteRD "71"]
[BlackElo "1898"]
[BlackRD "52"]
[GameID "46037"]

1. f3 d5 2. f4 e5 3. fxe5 Nc6 4. Nf3 f6 5. d4 fxe5 6. dxe5 Bg4 7. Bf4 Bc5 8. Nc3 Nge7 9. e3 d4 10. Na4 Bb4+
11. c3 dxc3 12. bxc3 Ba5 13. Qb3 Bxf3 14. gxf3 Qd5 15. Bc4 Qxf3 16. Bf7+ Kd8 17. Rd1+ Kc8 18. Rf1
1-0

[Event "1. f3 fiasco"]
[Site "SchemingMind.com"]
[Date "2006.04.10"]
[Round "-"]
[White "Erhaem"]
[Black "PackoJones1000"]
[Result "0-1"]
[WhiteCountry "NED"]
[BlackCountry "ESP"]
[WhiteElo "2008"]
[WhiteRD "55"]
[BlackElo "2142"]
[BlackRD "68"]
[GameID "46038"]

1. f3 e5 2. Nc3 Nf6 3. d4 exd4 4. Qxd4 Nc6 5. Qf2 d5 6. Bf4 d4 7. O-O-O Nd5 8. Nxd5 Qxd5 9. b3 Be6 10. e4 dxe3
11. Qe2 Qa5 12. Kb1 Nb4 13. Qb5+ Qxb5 14. Bxb5+ c6 15. Bc4 Bf5 16. Kb2 b5 17. Bf1 Bxc2 18. Re1 O-O-O 19. Bxe3 g6 20. Bg5 Bg7+
21. Ka3 a5 22. Be7 Rhe8 23. Rc1 Rxe7
0-1

[Event "1. f3 fiasco"]
[Site "SchemingMind.com"]
[Date "2006.04.10"]
[Round "-"]
[White "fer_even"]
[Black "PackoJones1000"]
[Result "0-1"]
[WhiteCountry "ARG"]
[BlackCountry "ESP"]
[WhiteElo "2188"]
[WhiteRD "72"]
[BlackElo "2139"]
[BlackRD "71"]
[GameID "46039"]

1. f3 e5 2. Nc3 Nf6 3. d4 exd4 4. Qxd4 Nc6 5. Qf2 d5 6. Bf4 d4 7. O-O-O Nd5 8. Nxd5 Qxd5 9. b3 Be6 10. Kb1 O-O-O
11. Nh3 Qa5 12. e4 Nb4 13. a4 Bc5 14. Bd3 h6 15. Qd2 g5 16. Be5 Rhe8 17. Nf2 Qb6 18. Bg7 Rg8 19. Bxh6 Be7 20. f4 gxf4
21. Bxf4 c5 22. Bf1 c4 23. Rc1 Nc6 24. h4 Ba3 25. Nd3 cxd3 26. Bxd3 Bb4 27. Qe2 Na5 28. Ka2 Bc3
0-1

[Event "1. f3 fiasco"]
[Site "SchemingMind.com"]
[Date "2006.04.10"]
[Round "-"]
[White "markjburden"]
[Black "PackoJones1000"]
[Result "0-1"]
[WhiteCountry "GBR"]
[BlackCountry "ESP"]
[WhiteElo "1656"]
[WhiteRD "73"]
[BlackElo "2139"]
[BlackRD "71"]
[GameID "46040"]

1. f3 e5 2. Kf2 d5 3. e3 Bd6 4. Ne2 Nf6 5. g3 Nc6 6. Bg2 Bf5 7. d3 Qd7 8. h4 O-O-O 9. c4 dxc4 10. dxc4 e4
11. Nbc3 exf3 12. Bxf3 Ne5 13. Nd4 Bd3 14. b3 Bb4 15. Ncb5 Ne4+ 16. Kg2 a6 17. a3 Ba5 18. b4 Bb6 19. c5 Bxc5 20. bxc5 axb5
21. a4 b4 22. c6 bxc6 23. Be2 Bxe2 24. Qxe2 c5 25. Re1 c4 26. Rf1 c5 27. Nf5 g6 28. Nh6 f5 29. Bb2 Qc6 30. Kh3 Rd2
31. Bxe5 Rxe2 32. Bxh8 Ng5+ 33. hxg5 Qg2+ 34. Kh4 Qh2#
0-1

[Event "1. f3 fiasco"]
[Site "SchemingMind.com"]
[Date "2006.04.10"]
[Round "-"]
[White "clockwork"]
[Black "PackoJones1000"]
[Result "0-1"]
[WhiteCountry "CAN"]
[BlackCountry "ESP"]
[WhiteElo "1411"]
[WhiteRD "69"]
[BlackElo "2139"]
[BlackRD "71"]
[GameID "46041"]

1. f3 e5 2. d4 Qh4+ 3. g3 Qxd4 4. Nc3 Qxd1+ 5. Nxd1 d5 6. Be3 Be6 7. Nc3 d4 8. Bg5 dxc3 9. bxc3 Bc5 10. O-O-O f6
11. Bd2 Bxa2 12. e3 Ba3#
0-1

[Event "1. f3 fiasco"]
[Site "SchemingMind.com"]
[Date "2006.04.10"]
[Round "-"]
[White "judgmentality"]
[Black "PackoJones1000"]
[Result "0-1"]
[WhiteCountry "USA"]
[BlackCountry "ESP"]
[WhiteElo "1426"]
[WhiteRD "75"]
[BlackElo "2142"]
[BlackRD "68"]
[GameID "46042"]

1. f3 e5 2. Nc3 Nf6 3. e4 Bc5 4. Bc4 c6 5. Nge2 d5 6. exd5 cxd5 7. Bb5+ Nc6 8. d4 exd4 9. Nxd4 O-O 10. Bxc6 bxc6
11. Be3 Re8 12. Qd2 Bb6 13. O-O-O c5
0-1

[Event "1. f3 fiasco"]
[Site "SchemingMind.com"]
[Date "2006.04.10"]
[Round "-"]
[White "MatdeInverses"]
[Black "PackoJones1000"]
[Result "0-1"]
[WhiteCountry "USA"]
[BlackCountry "ESP"]
[WhiteElo "1898"]
[WhiteRD "52"]
[BlackElo "2139"]
[BlackRD "71"]
[GameID "46044"]

1. f3 e5 2. e4 Bc5 3. c3 Nc6 4. Ne2 d5 5. d4 Bb6 6. Be3 dxe4 7. fxe4 Nf6 8. Nd2 O-O 9. Bg1 exd4 10. Nxd4 Nxd4
11. cxd4 Nxe4 12. Nxe4 Qh4+ 13. Kd2 Qxe4 14. Bd3 Qxg2+
0-1

[Event "1. f3 fiasco"]
[Site "SchemingMind.com"]
[Date "2006.04.11"]
[Round "-"]
[White "lame wolf"]
[Black "fer_even"]
[Result "0-1"]
[WhiteCountry "INT"]
[BlackCountry "ARG"]
[WhiteElo "933"]
[WhiteRD "87"]
[BlackElo "2188"]
[BlackRD "72"]
[GameID "46171"]

1. f3 e5 2. e4 Bc5 3. Ne2 d5 4. exd5 Nf6 5. c4 O-O 6. d3 c6 7. Bd2 Qb6 8. Ng3 Ng4 9. Ne4 Bf2+ 10. Nxf2 Qxf2#
0-1

[Event "1. f3 fiasco"]
[Site "SchemingMind.com"]
[Date "2006.04.11"]
[Round "-"]
[White "lame wolf"]
[Black "clockwork"]
[Result "0-1"]
[WhiteCountry "INT"]
[BlackCountry "CAN"]
[WhiteElo "933"]
[WhiteRD "87"]
[BlackElo "1411"]
[BlackRD "69"]
[GameID "46173"]

1. f3 f6 2. e3 d5 3. d4 Bf5 4. Bd3 Bxd3 5. cxd3 Nc6 6. Nc3 e5 7. dxe5 Nxe5 8. f4 Nc6 9. Nf3 Nh6 10. Bd2 Bb4
11. O-O O-O 12. Nd4 Nxd4 13. exd4 f5 14. a3 Bd6 15. b4 Rf6 16. Nxd5 Rg6
0-1

[Event "1. f3 fiasco"]
[Site "SchemingMind.com"]
[Date "2006.04.11"]
[Round "-"]
[White "lame wolf"]
[Black "PackoJones1000"]
[Result "0-1"]
[WhiteCountry "INT"]
[BlackCountry "ESP"]
[WhiteElo "933"]
[WhiteRD "87"]
[BlackElo "2139"]
[BlackRD "71"]
[GameID "46174"]

1. f3 d5 2. e4 dxe4 3. f4 Nf6 4. g3 Nc6 5. Nc3 Bg4 6. Be2 Bxe2 7. Ngxe2 Qd7 8. d4 exd3 9. Qxd3 Qxd3 10. Nd4 Qxd4
11. Bd2 Ne4 12. Nxe4 Qxe4+
0-1

[Event "1. f3 fiasco"]
[Site "SchemingMind.com"]
[Date "2006.04.11"]
[Round "-"]
[White "lame wolf"]
[Black "MatdeInverses"]
[Result "0-1"]
[WhiteCountry "INT"]
[BlackCountry "USA"]
[WhiteElo "933"]
[WhiteRD "87"]
[BlackElo "1898"]
[BlackRD "52"]
[GameID "46177"]

1. f3 e5 2. d4 exd4 3. e4 d5 4. Qxd4 dxe4 5. Qxe4+ Be7 6. Bd3 Nf6 7. Qe2 O-O 8. Nc3 Nc6 9. Qd1 Be6 10. Be3 Nd5
11. Qd2 Bb4 12. O-O-O Bxc3 13. bxc3 Qd6 14. Be4 Qa3+ 15. Kb1 Nxc3+
0-1

[Event "1. f3 fiasco"]
[Site "SchemingMind.com"]
[Date "2006.04.11"]
[Round "-"]
[White "fer_even"]
[Black "lame wolf"]
[Result "1-0"]
[WhiteCountry "ARG"]
[BlackCountry "INT"]
[WhiteElo "2188"]
[WhiteRD "72"]
[BlackElo "933"]
[BlackRD "87"]
[GameID "46179"]

1. f3 d5 2. d4 Qd6 3. Nc3 c5 4. dxc5 Qxc5 5. Qxd5 Qxd5 6. Nxd5 Na6 7. e4 e6 8. Bb5+ Bd7 9. Bxa6 bxa6 10. Nc7+ Kd8
11. Nxa8
1-0

[Event "1. f3 fiasco"]
[Site "SchemingMind.com"]
[Date "2006.04.11"]
[Round "-"]
[White "clockwork"]
[Black "lame wolf"]
[Result "1-0"]
[WhiteCountry "CAN"]
[BlackCountry "INT"]
[WhiteElo "1411"]
[WhiteRD "69"]
[BlackElo "933"]
[BlackRD "87"]
[GameID "46181"]

1. f3 d5 2. d4 Qd6 3. Nc3 c5 4. dxc5 Qxc5 5. Nh3 Bxh3 6. gxh3 d4 7. Ne4 Qc8 8. Qxd4 Nc6 9. Qa4 Nf6 10. Bg5 e6
11. Bxf6 Qd7 12. Bc3 e5 13. e3 Nb4 14. Bxb4 Qxa4 15. Bxf8 Rxf8 16. Nd6+
1-0

[Event "1. f3 fiasco"]
[Site "SchemingMind.com"]
[Date "2006.04.11"]
[Round "-"]
[White "PackoJones1000"]
[Black "lame wolf"]
[Result "1-0"]
[WhiteCountry "ESP"]
[BlackCountry "INT"]
[WhiteElo "2139"]
[WhiteRD "71"]
[BlackElo "933"]
[BlackRD "87"]
[GameID "46182"]

1. f3 d5 2. d4 Qd6 3. Nc3 c5 4. dxc5 Qxc5 5. Qxd5 Qxd5 6. Nxd5 Na6 7. e4 e6 8. Bb5+ Bd7 9. Bxa6 Rb8 10. Nc7+ Kd8
11. Bf4 f6 12. O-O-O e5 13. Ne6+ Ke8 14. Nxf8 Kxf8 15. Rxd7 bxa6 16. Be3 Ne7 17. Bc5 Kf7 18. Rxe7+ Kg6 19. h4 Rhe8 20. h5+
1-0

[Event "1. f3 fiasco"]
[Site "SchemingMind.com"]
[Date "2006.04.11"]
[Round "-"]
[White "MatdeInverses"]
[Black "lame wolf"]
[Result "1-0"]
[WhiteCountry "USA"]
[BlackCountry "INT"]
[WhiteElo "1898"]
[WhiteRD "52"]
[BlackElo "933"]
[BlackRD "87"]
[GameID "46185"]

1. f3 d5 2. e4 dxe4 3. Nc3 f5 4. Bc4 e6 5. fxe4 fxe4 6. Qh5+ g6 7. Qe5 Qe7 8. Qxh8 Qg7 9. Qxg7 Bxg7 10. Nxe4 Ne7
11. Nf3 b6 12. O-O a6 13. Neg5 h6 14. Nxe6 Bxe6 15. Bxe6 Nbc6 16. c3 Ne5 17. Nxe5 Bxe5 18. d4 Bd6 19. Bxh6 c5 20. Rf8#
1-0

[Event "1. f3 fiasco"]
[Site "SchemingMind.com"]
[Date "2006.04.12"]
[Round "-"]
[White "bonka-z"]
[Black "lame wolf"]
[Result "1-0"]
[WhiteCountry "GBR"]
[BlackCountry "INT"]
[WhiteElo "1318"]
[WhiteRD "103"]
[BlackElo "933"]
[BlackRD "87"]
[GameID "46201"]

1. f3 c5 2. d4 cxd4 3. Qxd4 Nc6 4. Qf4 Nf6 5. Nc3 e5 6. Qg3 Qc7 7. e4 d6 8. Bb5 Nh5 9. Qf2 Be7 10. Nge2 O-O
11. Bxc6 Qxc6 12. Be3 Be6 13. Bxa7 Nf4 14. Nxf4 Bd7 15. O-O b5 16. Ncd5 Bd8 17. c3 Be6 18. Nxe6 fxe6 19. Nb4 Qb7 20. Be3 Rc8
21. Rfd1 Rf7 22. Rxd6 Ba5 23. Rxe6 Bxb4 24. cxb4 Rfc7 25. Qe1 g6 26. Rd6 Rc6 27. Rxc6 Qxc6 28. Rc1 Qd7 29. Rxc8+ Qxc8 30. a3 Qc2
31. Bc1 Kf7 32. Qd2 Qxd2 33. Bxd2
1-0

[Event "1. f3 fiasco"]
[Site "SchemingMind.com"]
[Date "2006.04.12"]
[Round "-"]
[White "bonka-z"]
[Black "Erhaem"]
[Result "0-1"]
[WhiteCountry "GBR"]
[BlackCountry "NED"]
[WhiteElo "1318"]
[WhiteRD "103"]
[BlackElo "2018"]
[BlackRD "52"]
[GameID "46202"]

1. f3 e5 2. e4 Bc5 3. Bc4 Nf6 4. Ne2 O-O 5. d3 d5 6. Bb3 dxe4 7. fxe4 Ng4 8. c3 Nf2 9. Qd2 Nxd3+ 10. Kf1 Qf6+
11. Nf4 Nxf4 12. Ke1 Be3 13. Qd5 Nxd5 14. Bxe3 Nxe3 15. Ke2 Rd8 16. Kxe3 Qf4+ 17. Ke2 Bg4+ 18. Ke1 Qe3+ 19. Kf1 Be2+ 20. Ke1 Bc4#
0-1

[Event "1. f3 fiasco"]
[Site "SchemingMind.com"]
[Date "2006.04.12"]
[Round "-"]
[White "bonka-z"]
[Black "fer_even"]
[Result "0-1"]
[WhiteCountry "GBR"]
[BlackCountry "ARG"]
[WhiteElo "1318"]
[WhiteRD "103"]
[BlackElo "2188"]
[BlackRD "72"]
[GameID "46203"]

1. f3 e5 2. e4 Nf6 3. Nc3 Bc5 4. Bc4 c6 5. Nge2 b5 6. Bb3 a5 7. a4 b4 8. Na2 d5 9. d3 dxe4 10. fxe4 Ng4
11. Ng3 O-O 12. h3 Nf2 13. Qf3 Nxh1 14. Nxh1 Be6 15. Bxe6 fxe6 16. Qe2 Qd4 17. c3 Qg1+ 18. Kd2 Qxh1 19. d4 exd4 20. Kc2 Rf2
21. Bd2 Qxa1 22. Qc4 bxc3 23. Qxc5 Qxb2+ 24. Kd3 Rxd2+ 25. Kc4 Qxa2#
0-1

[Event "1. f3 fiasco"]
[Site "SchemingMind.com"]
[Date "2006.04.12"]
[Round "-"]
[White "bonka-z"]
[Black "markjburden"]
[Result "0-1"]
[WhiteCountry "GBR"]
[BlackCountry "GBR"]
[WhiteElo "1318"]
[WhiteRD "103"]
[BlackElo "1656"]
[BlackRD "73"]
[GameID "46204"]

1. f3 d5 2. d4 Bf5 3. Bf4 Nc6 4. g4 Bd7 5. Nc3 e6 6. e4 Bb4 7. Qd2 dxe4 8. a3 Bxc3 9. Qxc3 exf3 10. Nxf3 Nge7
11. O-O-O Nd5 12. Qd2 h6 13. Bg2 g5 14. Bg3 Qe7 15. c4 Nf4 16. Bxf4 gxf4 17. Qxf4 O-O-O 18. d5 exd5 19. Rxd5 Rhg8 20. h3 f5
21. Kb1 fxg4 22. hxg4 Rxg4 23. Qh2 Qe2 24. Rd2 Bf5+ 25. Ka2 Rxd2 26. Nxd2 Rxg2 27. Qxh6 Nd8 28. Rh5 Be6 29. Qf4 Qxh5 30. a4 Qa5
31. Nb1 Qxa4+ 32. Na3 b5 33. Qf3 Bxc4+ 34. Kb1 Rg1+
0-1

[Event "1. f3 fiasco"]
[Site "SchemingMind.com"]
[Date "2006.04.12"]
[Round "-"]
[White "bonka-z"]
[Black "clockwork"]
[Result "1-0"]
[WhiteCountry "GBR"]
[BlackCountry "CAN"]
[WhiteElo "1318"]
[WhiteRD "103"]
[BlackElo "1411"]
[BlackRD "69"]
[GameID "46205"]

1. f3 f6 2. d4 d5 3. Bf4 Nc6 4. e3 e5 5. dxe5 fxe5 6. Bg3 Bf5 7. Nd2 Nb4 8. Bxe5 Qe7 9. e4 Qxe5 10. c3 Nd3+
11. Bxd3 dxe4 12. fxe4 Nf6 13. Qe2 Bc5 14. Ngf3 Bg4 15. Nxe5 Bxe2 16. Bxe2 O-O 17. O-O-O Be3 18. Kb1 Rfd8 19. Ndc4 Rxd1+ 20. Rxd1 Nxe4
21. Nxe3 Re8 22. N5g4 Nc5 23. Nd5 Rxe2 24. b3 Rxg2 25. Rf1 Rxg4 26. Ne7+ Kh8 27. Rf8#
1-0

[Event "1. f3 fiasco"]
[Site "SchemingMind.com"]
[Date "2006.04.12"]
[Round "-"]
[White "bonka-z"]
[Black "PackoJones1000"]
[Result "0-1"]
[WhiteCountry "GBR"]
[BlackCountry "ESP"]
[WhiteElo "1318"]
[WhiteRD "103"]
[BlackElo "2139"]
[BlackRD "71"]
[GameID "46206"]

1. f3 e5 2. d4 Qh4+ 3. g3 Qxd4 4. Nd2 d5 5. e3 Qxe3+ 6. Ne2 Be6 7. b3 Bc5 8. Ne4 Bb4+ 9. Bd2 dxe4 10. f4 Qf3
11. Rg1 e3 12. Rg2 Bxd2+ 13. Qxd2 exd2+ 14. Kxd2 Nc6 15. Kc1 Qxf1+ 16. Kb2 Qxg2 17. Re1 Qf2
0-1

[Event "1. f3 fiasco"]
[Site "SchemingMind.com"]
[Date "2006.04.18"]
[Round "-"]
[White "bonka-z"]
[Black "judgmentality"]
[Result "0-1"]
[WhiteCountry "GBR"]
[BlackCountry "USA"]
[WhiteElo "1275"]
[WhiteRD "86"]
[BlackElo "1426"]
[BlackRD "75"]
[GameID "46207"]

1. f3 f5 2. f4 Nf6 3. b3 Nc6 4. Bb2 d5 5. Bxf6 exf6 6. d4 Bd6 7. e3 O-O 8. Nf3 Re8 9. Bb5 Bd7 10. Nh4 Rxe3+
11. Kf1 Bxf4 12. Bxc6 bxc6 13. g3 Bh6 14. Kg2 f4 15. Nf3 Qe7 16. Nbd2 Re2+ 17. Kg1 Qe3+ 18. Kf1 Qf2#
0-1

[Event "1. f3 fiasco"]
[Site "SchemingMind.com"]
[Date "2006.04.12"]
[Round "-"]
[White "bonka-z"]
[Black "AlbertoAveiro"]
[Result "0-1"]
[WhiteCountry "GBR"]
[BlackCountry "POR"]
[WhiteElo "1318"]
[WhiteRD "77"]
[BlackElo "1663"]
[BlackRD "114"]
[GameID "46208"]

1. f3 e5 2. e4 Nf6 3. Bc4 Be7 4. d4 exd4 5. Qxd4 Nc6 6. Qe3 O-O 7. Nh3 Re8 8. Nc3 Ne5 9. Bd3 Nxd3+ 10. Qxd3 d6
11. Nd5 Nxd5 12. Qxd5 c6 13. Qc4 d5 14. exd5 cxd5 15. Qd3 Bxh3 16. gxh3 Bh4+ 17. Kd1 Rc8 18. Bd2 Bf6 19. c3 Qb6 20. Kc2 Qc6
21. Rae1 a6 22. Rxe8+ Rxe8 23. Rg1 g6 24. Rg4 d4 25. Kd1 dxc3 26. bxc3 Rd8 27. Qc4 Qxf3+ 28. Kc2 Qf2 29. Re4 Qxd2+ 30. Kb3 Qd5
31. Re8+ Kg7 32. Qxd5 Rxd5 33. h4 Bxh4 34. Rb8 Rd7 35. Kc4 Bf6 36. a4 Be5 37. a5 Bxb8 38. Kb4 Bxh2 39. c4 f5 40. c5 f4
41. c6 bxc6 42. Kc5 Rd5+ 43. Kb6 f3 44. Kxa6 f2 45. Kb6 f1=Q 46. a6 Qb5+ 47. Ka7 Qb8#
0-1